[Event "BCF-ch Week1 PM op"]
[Site "Bournemouth"]
[Date "2016.07.28"]
[Round "4"]
[White "Pafura, Godfrey"]
[Black "Fernandes, Joshua"]
[Result "1-0"]
[WhiteElo "2061"]
[BlackElo "1834"]
[PlyCount "67"]
[EventDate "2016.07.25"]
[EventType "swiss"]
[EventRounds "5"]
[EventCountry "ENG"]
[SourceTitle "CBM 173 Extra"]
[Source "ChessBase"]
[SourceDate "2016.08.29"]
[SourceVersion "1"]
[SourceVersionDate "2016.08.29"]
[SourceQuality "1"]

1. d4 Nf6 2. Nf3 g6 3. c4 Bg7 4. Nc3 d6 5. e4 0-0 6. Be2 e5 7. Bg5 h6 8. Bh4 exd4 9. Nxd4 Nc6 10. 0-0 g5 11. Nxc6 bxc6 12. Bg3 Re8 13. e5 Nh7 14. Bf3 Bb7 15. exd6 f5 16. Qb3 cxd6 17. c5+ Kh8 18. Bxd6 Qc8 19. Bh5 Rd8 20. Rfe1 Nf6 21. Bg6 Ba6 22. Re7 Rf8 23. Rae1 Qd8 24. Bxf5 Re8 25. Qf7 Rxe7 26. Bxe7 Qe8 27. Qxf6 Bxf6 28. Bxf6+ Kg8 29. Rxe8+ Rxe8 30. h3 Bc8 31. Be4 Bd7 32. Bd4 Kf7 33. f3 Rd8 34. Be5 1-0

[Event "BCF-ch U15"]
[Site "Coventry"]
[Date "2015.07.29"]
[Round "4"]
[White "Fernandes, Joshua"]
[Black "Gallagher, Daniel GH"]
[Result "1/2-1/2"]
[WhiteElo "1769"]
[BlackElo "1902"]
[PlyCount "48"]
[EventDate "2015.07.27"]
[EventType "swiss"]
[EventRounds "7"]
[EventCountry "ENG"]
[SourceTitle "CBM 167 Extra"]
[Source "ChessBase"]
[SourceDate "2015.09.14"]
[SourceVersion "1"]
[SourceVersionDate "2015.09.14"]
[SourceQuality "1"]

1. e4 c5 2. Nc3 Nc6 3. g3 g6 4. Bg2 Bg7 5. d3 d6 6. f4 e5 7. Nf3 Nge7 8. 0-0 0-0 9. fxe5 dxe5 10. Be3 Nd4 11. Qd2 Rb8 12. Ne2 Nec6 13. c4 Nxe2+ 14. Qxe2 Nd4 15. Nxd4 cxd4 16. Bd2 f5 17. b4 Qc7 18. a4 f4 19. g4 Qe7 20. Bf3 Qg5 21. Kh1 Rf7 22. Be1 Qe7 23. c5 g5 24. Rc1 Bd7 1/2-1/2

[Event "BCF-ch U15"]
[Site "Coventry"]
[Date "2015.07.28"]
[Round "3"]
[White "Brewer, Callum D"]
[Black "Fernandes, Joshua"]
[Result "0-1"]
[WhiteElo "1974"]
[BlackElo "1769"]
[PlyCount "130"]
[EventDate "2015.07.27"]
[EventType "swiss"]
[EventRounds "7"]
[EventCountry "ENG"]
[SourceTitle "CBM 167 Extra"]
[Source "ChessBase"]
[SourceDate "2015.09.14"]
[SourceVersion "1"]
[SourceVersionDate "2015.09.14"]
[SourceQuality "1"]

1. e4 c5 2. c3 Nf6 3. e5 Nd5 4. d4 cxd4 5. Nf3 e6 6. cxd4 d6 7. Bc4 dxe5 8. dxe5 Nc6 9. a3 Be7 10. 0-0 0-0 11. Qe2 Qc7 12. Rd1 Rd8 13. Qe4 Nb6 14. Bd3 g6 15. b4 Nd7 16. Bf4 b6 17. Rc1 Bb7 18. Qe3 Rac8 19. Nbd2 a6 20. Ne4 b5 21. Ng3 Qb6 22. Qe2 Nd4 23. Qe3 Nxf3+ 24. gxf3 Qxe3 25. Bxe3 Nxe5 26. Be4 Nxf3+ 27. Kg2 Nh4+ 28. Kh3 Bxe4 29. Nxe4 Nf5 30. Bc5 Rd3+ 31. Kg2 Bxc5 32. Nxc5 Rd6 33. Rc3 Ne7 34. Kg3 Nd5 35. Rd3 Rdc6 36. Rad1 a5 37. Ne4 axb4 38. axb4 Kg7 39. Rb1 R8c7 40. Rbb3 Rc4 41. Nd6 Nf6 42. h3 Ne4+ 43. Kf3 Nxd6 44. Rxd6 Rc3+ 45. Rd3 Rxb3 46. Rxb3 Rc4 47. Kg3 g5 48. Kf3 Kg6 49. Kg3 Rf4 50. Kg2 Kf5 51. Kg3 e5 52. Kg2 h5 53. Kg3 Kg6 54. f3 Kf5 55. Rb2 Rc4 56. Kg2 Kf4 57. h4 f6 58. Rb3 Rc2+ 59. Kh1 Kg3 60. f4+ Kxf4 61. hxg5 fxg5 62. Kg1 e4 63. Kf1 e3 64. Rb1 Kf3 65. Ke1 Rh2 0-1

[Event "BCF-ch U15"]
[Site "Coventry"]
[Date "2015.07.27"]
[Round "2"]
[White "Fernandes, Joshua"]
[Black "Holton, Jake"]
[Result "1-0"]
[WhiteElo "1769"]
[BlackElo "1581"]
[PlyCount "152"]
[EventDate "2015.07.27"]
[EventType "swiss"]
[EventRounds "7"]
[EventCountry "ENG"]
[SourceTitle "CBM 167 Extra"]
[Source "ChessBase"]
[SourceDate "2015.09.14"]
[SourceVersion "1"]
[SourceVersionDate "2015.09.14"]
[SourceQuality "1"]

1. e4 g6 2. d4 Bg7 3. Nf3 d6 4. Be2 Nd7 5. Nc3 a6 6. a4 b6 7. Be3 Bb7 8. h3 c5 9. d5 Ngf6 10. 0-0 0-0 11. Qd2 Ne8 12. Bh6 Nc7 13. Bxg7 Kxg7 14. Rad1 Nf6 15. Rfe1 b5 16. axb5 axb5 17. Bxb5 Nxb5 18. Nxb5 Qb6 19. c4 Ba6 20. Na3 Rfb8 21. Rb1 Rb7 22. Qc3 Qb4 23. Qc2 Rab8 24. Nd2 Nd7 25. Re3 Qa5 26. f4 Rb4 27. Qc3+ Kg8 28. Nc2 Ra4 29. Qxa5 Rxa5 30. Ra3 Rxa3 31. Nxa3 Nb6 32. b3 e6 33. Kf2 exd5 34. exd5 f5 35. Re1 Kf7 36. Re6 Rd8 37. Nf3 Bc8 38. Re3 h6 39. Ke2 Bd7 40. Kd2 Ra8 41. Nc2 Ra2 42. Kc3 Na8 43. Re1 Nc7 44. Ra1 Rxa1 45. Nxa1 Kf6 46. h4 Ne8 47. Nc2 Ng7 48. Nce1 Nh5 49. Nd3 Ng3 50. b4 Ne4+ 51. Kb3 cxb4 52. Kxb4 g5 53. c5 dxc5+ 54. Nxc5 Be8 55. hxg5+ hxg5 56. Ne6 gxf4 57. Nxf4 Bf7 58. Kc4 Ke7 59. Kd4 Kd6 60. Ne5 Bxd5 61. Nxd5 Ng5 62. Nf3 Ne6+ 63. Kc4 Ng7 64. Nf4 Ke7 65. Kd5 Kf6 66. Nd3 Nh5 67. Kd4 Ng3 68. Ke3 Nh5 69. Nde1 Ng3 70. Nd2 Kg5 71. Kf3 Nh1 72. Nf1 Kh4 73. Nd3 Kg5 74. Ng3 Nxg3 75. Kxg3 Kf6 76. Kf4 Kg6 1-0